000 00853nam a22002297a 4500
003 UA-OsUOA
001 93364
007 ta
008 20130118b un ||||| |||| 00| 0 ukr d
090 _a94(477):328
942 _cBK
040 _aUA-OsUOA
_bukr
_cUA-OsUOA
_dUA-OsUOA
245 _aУкраїнський парламентаризм: проблеми історії та сучасної політичної практики
_bдо 145-річчя від дня народження Михайла Грушевського
300 _a456 с.
955 _a1
041 _aukr
080 _a94(477):328
020 _a978-966-611-826-7
260 _aК.
_bУкраїнський інститут національної пам'яті
_c2012
650 7 _a9 Географія. Біографії. Історія
_2UDC
999 _c379609
_d379609